000 00778nam a2200229Ii 4500
003 JO-AjNU
008 230605s9999||||xx |||||||||||||| ||und||
017 _a2496/7/2012
020 _a978-9957-07-989-5
040 _aJO-AjNU
_bara
_erda
_cJO-AjNU
041 _aara
050 1 4 _aLB1169 2013
100 3 _aإحميدة، فتحي محمود,
_eauthor
_943067
245 0 0 _aتنمية القراءة والكتابة في الطفولة المبكرة=Literacy Development in Early Childhood
250 _aط1
264 3 1 _aعمان:دار الفكر،2013
300 _a216ص
336 _atext
_btxt
_2rdacontent
337 _aunmediated
_bn
_2rdamedia
338 _avolume
_bnc
_2rdacarrier
650 4 _aالقراءة-الكتابة-تعليم الأطفال
_943068
999 _aA18488
_c22056
_d22056